00445 2200181 4500001002100000005001500021035002000036008004100056245004100097100002000138250000600158260003600164300001100200084001600211082001000227650001400237990001200251INLIS00000000000034120240503082446 a0010-0424000317240503 0 ind 1 aMengenal Malaikat /cM. Rosid Kusnan aKusnan, M.Rosid a1 aJakarta :bCempaka Putih,c2017 a68 hlm a2X3.2 ROS m a2X3.2 4aNon Fiksi a0728718